Hilltop Hood Songs by Lyrics - Statistics

General Stats
  • This quiz has been taken 20 times
  • The average score is 7 of 20
Answer Stats
Lyrics Song % Correct
I'mma get drunk and dance like your uncle, until I'm all hands like your uncle, I'm kidding. Cosby Sweater
100%
Like Friday Night Footy in my hoodie I can hide right The Nosebleed Section
81%
Time moves a little slower here, the paint peels cause the summers here are so severe 1955
75%
Standing in line, 15, couldn't wait, couldn't fathom any talent or rhyme Still Standing
56%
To being out on tour, now, no stopping me, I'll finish with a bang like Kurt Cobain's biography, The Hard Road
50%
Day drinking, home schooling, "mummy I think that my math teacher's drunk" I'm Good?
44%
Contract owners and licenses, showbiz in lights we're just, Searching for that moment of pricelessness I Love It
38%
What's done is done, he'd got the prize and he'd spent his half, of two dollars in change and a pension card. Stopping All Stations
31%
And when I'm dead and buried I want you in "Life Be In It" shirts, At my cemetery singing, Hilltop Hoods and we're coming up Dumb Enough
25%
Too tired for the nonsense, I wish I was unconscious, fly away into a dream... Rage Against the Fatigue
25%
(Hush, hear the voice) So addicted to the (Rush to fill the void), missin' everything we (Love to feel joy), build it up then we (Crush, kill, destroy) Rattling the Keys to the Kingdom
25%
Fear's a cancer, logic is a countermeasure, A property that you can't count or measure, Speaking in Tongues
25%
Roll with me now, hold with me now, all with me cause the tide is rolling out. Brainbox
19%
Helpless, choking on vodka and shellfish, get found by my girl like god you're so selfish. Chris Farley
19%
And as we walk into the sun can you believe what we have become? Fifty in Five
19%
And it starts with us, seeking an everlasting rush, pharmacutical market drugs, liquor or grass and dust. Lights Out
19%
Two faced on any different day, flip that coin down a well and Imma wish you away Get Well Soon
13%
Set me in stone near my legacy to grow then I'll never be alone, It's the music that will ferry me to home Into the Abyss
13%
An ape staring into space, so damn insignificant, Primal on the vinyl, I am cro-magnificent, OOFT (Ponda Baba)
13%
Like picturing the rest of your life with a girl you've known for three minutesAnd proposing in a day and a half, what we're composing here's state of the art Super Official
13%
No matching quizzes found
Score Distribution
Percent of People with Each Score
Percentile by Number Answered
Your Score History
You have not taken this quiz